Reptiles y anfibios / (Registro nro. 37317)
[ vista simple ]
| 000 -CABECERA | |
|---|---|
| Longitud fija campo de control | 01005nam a22002778a 4500 |
| 003 - • IDENTIFICADOR DELl NÚMERO DE CONTROL | |
| Identificador del número de control | CO-ViMGA |
| 005 - • FECHA Y HORA DE LA ÚLTIMA TRANSACCIÓN | |
| Fecha y hora de la última transacción | 20230915233613.0 |
| 008 - • CÓDIGOS DE INFORMACIÓN DE LONGITUD FIJA | |
| Códigos de información de longitud fija | 151016s2014 ck o gr 00010 spa d |
| 020 ## - • NÚMERO INTERNACIONAL NORMALIZADO PARA LIBROS | |
| Número Internacional Normalizado para Libros (ISBN) | 9789583044359 |
| 040 ## - FUENTE DE LA CATALOGACIÓN | |
| Centro catalogador de origen | CO-ViMGA |
| Lengua de catalogación | spa |
| Centro transcriptor | CO-ViMGA |
| 082 04 - • NÚMERO DE LA CLASIFICACIÓN DECIMAL DEWEY | |
| Número de clasificación (R) | 597.8 |
| Número del ítem | N43r |
| Número de edición | 21 |
| 100 1# - • PUNTO DE ACCESO PRINCIPAL-NOMBRE DE PERSONA | |
| Nombre de persona | Niekisch, Manfred. |
| 245 10 - • TITULO PROPIAMENTE DICHO | |
| Título | Reptiles y anfibios / |
| Mención de responsabilidad, etc. | Manfred Niekisch ; ilustrador Manfred Kostka ; traductor Rafael Dia̕z. |
| 250 ## - • MENCIÓN DE EDICIÓN | |
| Mención de edición | Editor Cesar Alberto Cardozo Tovar. |
| 300 ## - • DESCRIPCIÓN FÍSICA | |
| Extensión | 47 páginas : |
| Otras características físicas | ilustraciones, fotografías ; |
| Dimensiones | 28 cm. |
| 500 ## - • NOTA GENERAL | |
| Nota general | Incluye índice onomástico. |
| 650 14 - • PUNTO DE ACCESO ADICIONAL DE MATERIA - TÉRMINO DE MATERIA | |
| Término de materia o nombre geográfico como elemento inicial | Reptiles |
| Subdivisión de forma | Literatura juvenil. |
| 650 14 - • PUNTO DE ACCESO ADICIONAL DE MATERIA - TÉRMINO DE MATERIA | |
| Término de materia o nombre geográfico como elemento inicial | Anfibios |
| Subdivisión de forma | Literatura juvenil. |
| 650 14 - • PUNTO DE ACCESO ADICIONAL DE MATERIA - TÉRMINO DE MATERIA | |
| Término de materia o nombre geográfico como elemento inicial | Diversidad biológica |
| Subdivisión de forma | Literatura juvenil. |
| 700 1# - • PUNTO DE ACCESO ADICIONAL - NOMBRE DE PERSONA | |
| Nombre de persona | Cardozo, Cesar, |
| Término indicativo de función | editor. |
| 700 1# - • PUNTO DE ACCESO ADICIONAL - NOMBRE DE PERSONA | |
| Nombre de persona | Dia̕z, Rafael, |
| Término indicativo de función | traductor. |
| 700 1# - • PUNTO DE ACCESO ADICIONAL - NOMBRE DE PERSONA | |
| Nombre de persona | Kostka, Manfred, |
| Término indicativo de función | ilustradora. |
| 942 ## - ENTRADA DE ELEMENTOS AGREGADOS (KOHA) | |
| Fuente de clasificaión o esquema | Dewey Decimal Classification |
| Koha [por defecto] tipo de item | LIbro |
| Perdido | Fuente de clasificación o esquema | Estado Físico | No para préstamo | Forma de adquisición | Localización permanente | Localización actual | Fecha adquisición | Préstamos totales | Signatura completa | Código de barras | Fecha última consulta | Fecha del precio de reemplazo | Tipo de item de Koha |
|---|---|---|---|---|---|---|---|---|---|---|---|---|---|
| Dewey Decimal Classification | Sala General Segundo Piso | Biblioteca Pública Germán Arciniegas - Villavicencio | Biblioteca Pública Germán Arciniegas - Villavicencio | 04/15/2020 | 597.8 N43r | 33289 | 02/20/2023 | 04/15/2020 | LIbro | ||||
| Dewey Decimal Classification | Sala General Segundo Piso | Biblioteca Pública Germán Arciniegas - Villavicencio | Biblioteca Pública Germán Arciniegas - Villavicencio | 04/15/2020 | 597.8 N43r | 33290 | 04/15/2020 | 04/15/2020 | LIbro |